Discourse on Edward Everett : delivered in the Church of the First Parish, Brookline, on the twenty-second January /

Bibliographic Details
Main Author: Hedge, Frederic Henry, 1805-1890
Format: Microform Book
Language:English
Published: Boston : Press of G.C. Rand & Avery, 1865.
Subjects:

MARC

Tag First Indicator Second Indicator Subfields
LEADER 00000cam a2200000 a 4500
001 in00000098240
005 20150924085733.0
007 he bm| ba||
008 780227r1865 kyu b 00010 eng d
035 |a (OCoLC)03673095 
035 |9 AAK9608AM 
040 |a DLC  |c RRR  |d RRR  |d TXA  |d UtOrBLW 
049 |a TXAI 
082 0 |a 923.2 
099 |a fiche  |a C  |a 4373 
100 1 |a Hedge, Frederic Henry,  |d 1805-1890. 
245 1 0 |a Discourse on Edward Everett :  |b delivered in the Church of the First Parish, Brookline, on the twenty-second January /  |c by Frederic Henry Hedge. 
264 1 |a Boston :  |b Press of G.C. Rand & Avery,  |c 1865. 
300 |a 23 pages ;  |c 26 cm. 
336 |a text  |b txt  |2 rdacontent 
337 |a microform  |b h  |2 rdamedia 
338 |a microfiche  |b he  |2 rdacarrier 
500 |a "Sabin : 31215." 
500 |a "Copied from the original in the Library of Congress." 
533 |a Microfiche.  |b Louisville, [Ky.] :  |c Lost Cause Press,  |d 1977.  |e 2 microfiches : negative ; 11 x 15 cm.  |f ([Bibliotheca Americana. Selected Americana. Microfiche ed. / J. Sabin]) (Fiche book) 
500 |a Microform. 
600 1 0 |a Everett, Edward,  |d 1794-1865. 
999 |a MARS 
999 f f |s 82e1d7a4-690d-3abf-a931-f9a3f76d6168  |i 931dab6d-fdd8-36f7-9258-6c079aec1ebb  |t 0 
952 f f |p normal  |a Texas A&M University  |b College Station  |c Sterling C. Evans Library  |d Evans: Microforms (3rd floor)  |t 0  |e fiche C 4373  |h Other scheme  |i microform -- microfiche  |m A14821692047 
998 f f |a fiche C 4373  |t 0  |l Evans: Microforms (3rd floor)